000 00779nam a2200217Ia 4500
005 20250507130107.0
008 008 250505s9999 xx 000 0 eng d
020 _a9780415371476
037 _aBound Volumes
040 _aEASL
_beng
_cEASL
041 _aeng
_2eng
084 _aT:3(V).42, P8
_qEASL
100 _aNozaki Yoshiko Au.
_9665154
245 0 _aWar Memory, nationalism and Education in postwar Japan,1945-2007
260 _aUK
_bRoutledge first published
_c2008
300 _axviii,198P.
490 _vJEL
650 _aJapan - history - textbooks; Ienaga saburo; Japan - history - study and teaching; Education and state - Japan; Textbooks - Censorship - Japan; JEL
_9754966
942 _cCR
_hT:3(V).42, P8
999 _c1317648
_d1317648